[Event "Treviso Master op 3rd"]
[Site "Treviso"]
[Date "2019.03.30"]
[Round "2.12"]
[White "Pesco, Giuseppe"]
[Black "Ridolfo, Enrico"]
[Result "1/2-1/2"]
[WhiteElo "1930"]
[BlackElo "2065"]
[PlyCount "92"]
[EventDate "2019.03.29"]
[EventType "swiss"]
[EventRounds "5"]
[EventCountry "ITA"]
[SourceTitle "EXT 2024"]
[Source "ChessBase"]
[SourceDate "2023.10.10"]
[SourceVersion "1"]
[SourceVersionDate "2023.10.10"]
[SourceQuality "1"]

1. Nf3 g6 2. g3 Bg7 3. Bg2 d6 4. c4 f5 5. Nc3 Nf6 6. d3 0-0 7. 0-0 Nc6 8. Bd2 Bd7 9. Rb1 e6 10. b4 Rb8 11. b5 Ne7 12. a4 h6 13. Qc2 g5 14. e4 Ng4 15. h3 Ne5 16. Nxe5 Bxe5 17. f4 Bd4+ 18. Kh2 fxe4 19. dxe4 gxf4 20. Bxf4 Bg7 21. Qd2 Kh7 22. e5 Be8 23. exd6 cxd6 24. Ne4 e5 25. Be3 Bg6 26. Rbd1 Rxf1 27. Rxf1 Nf5 28. Bf2 Rc8 29. Qb4 Bf8 30. Qb3 Bf7 31. Nd2 Rc7 32. Bxa7 Qg5 33. Ne4 Qg6 34. Nd2 Qg5 35. Rf2 Be6 36. Be4 Kg7 37. Qd3 Rf7 38. Rg2 Kh8 39. Nf3 Qc1 40. Bd5 Bxd5 41. Qxd5 Rg7 42. Bf2 Qa3 43. Qe4 Rf7 44. c5 Ng7 45. Nh4 dxc5 46. Qxe5 Qd3 1/2-1/2

[Event "Veneto-ch qf 78th"]
[Site "Padova"]
[Date "2019.02.16"]
[Round "2.4"]
[White "Ridolfo, Enrico"]
[Black "Gilevich, Artem"]
[Result "0-1"]
[WhiteElo "2055"]
[BlackElo "2403"]
[PlyCount "82"]
[EventDate "2019.02.15"]
[EventType "swiss"]
[EventRounds "5"]
[EventCountry "ITA"]
[SourceTitle "EXT 2024"]
[Source "ChessBase"]
[SourceDate "2023.10.10"]
[SourceVersion "1"]
[SourceVersionDate "2023.10.10"]
[SourceQuality "1"]

1. e4 e6 2. Nf3 d5 3. Nc3 Bb4 4. a3 Ba5 5. b4 Bb6 6. Bb2 Ne7 7. Bd3 Nbc6 8. Na4 0-0 9. Ng5 h6 10. Qh5 Bd4 11. Bxd4 Nxd4 12. Nf3 Ng6 13. Nxd4 dxe4 14. Bxe4 Qxd4 15. Nc3 Ne5 16. 0-0 f5 17. Rae1 Nc4 18. Nb5 Qb6 19. Qe2 a6 20. Nc3 Nxa3 21. Bd3 Bd7 22. Qe5 Rac8 23. Re3 c5 24. Rg3 Rf7 25. bxc5 Qxc5 26. Qf4 Qc7 27. Qb4 Nc4 28. Bxc4 Qxc4 29. Qd6 Qc5 30. Qf4 Qc7 31. Qh4 Kh7 32. Qh5 Rf6 33. Re1 b5 34. Qf3 Bc6 35. Qd3 Rd8 36. Qe2 b4 37. Nd1 Bb5 38. d3 Rc8 39. Qd2 a5 40. Re2 Ba4 41. Rge3 Qxc2 0-1

[Event "Santa Maria di Sala op 26th"]
[Site "Santa Maria di Sala"]
[Date "2018.12.09"]
[Round "4"]
[White "Solomon, Kenny"]
[Black "Ridolfo, Enrico"]
[Result "1-0"]
[WhiteElo "2416"]
[BlackElo "2035"]
[PlyCount "59"]
[EventDate "2018.12.07"]
[EventType "swiss"]
[EventRounds "5"]
[EventCountry "ITA"]
[SourceTitle "EXT 2022"]
[Source "ChessBase"]
[SourceDate "2021.10.06"]
[SourceVersion "1"]
[SourceVersionDate "2021.10.06"]
[SourceQuality "1"]

1. d4 g6 2. Nf3 Bg7 3. e4 c6 4. Bd3 d5 5. c3 Bg4 6. h3 Bxf3 7. Qxf3 dxe4 8. Qxe4 Nf6 9. Qe2 Nbd7 10. 0-0 0-0 11. Nd2 Re8 12. Nf3 Qc7 13. Re1 Rad8 14. Ne5 Nd5 15. Bd2 f6 16. Nxg6 hxg6 17. Qe6+ Kh8 18. Bxg6 Nf8 19. Qf5 Nxg6 20. Qxg6 Nf4 21. Qf5 Bh6 22. Re4 e5 23. Bxf4 exf4 24. Rxe8+ Rxe8 25. Qg6 Re2 26. Qxh6+ Kg8 27. Qxf6 c5 28. Qg5+ Kf8 29. Qf5+ Ke7 30. dxc5 1-0

[Event "Arco Christmas op 6th"]
[Site "Arco"]
[Date "2015.12.28"]
[Round "4"]
[White "Filosi, Gianluigi"]
[Black "Ridolfo, Enrico"]
[Result "0-1"]
[WhiteElo "1620"]
[BlackElo "1854"]
[PlyCount "28"]
[EventDate "2015.12.26"]
[EventType "swiss"]
[EventRounds "7"]
[EventCountry "ITA"]
[SourceTitle "CBM 170 Extra"]
[Source "ChessBase"]
[SourceDate "2016.02.25"]
[SourceVersion "1"]
[SourceVersionDate "2016.02.25"]
[SourceQuality "1"]

1. d4 f5 2. Nf3 g6 3. b3 Nf6 4. Bb2 d6 5. e3 Bg7 6. c4 0-0 7. Bd3 c6 8. 0-0 Na6 9. a3 Nc7 10. Qc2 Qe8 11. Nbd2 Nh5 12. Rfe1 e5 13. dxe5 dxe5 14. Qc3 e4 0-1